Mikrosystém '87 : Zborník

Na minha lista:
Detalhes bibliográficos
Formato: Livro
Idioma:tcheco
Publicado em: Brno : Dom techniky ČSVTS, 1987
Tags: Adicionar Tag
Sem tags, seja o primeiro a adicionar uma tag!

MARC

LEADER 00000nam a22000003a 4500
001 stu8776
005 20150408181951.5
008 960411s1987----cs------------------cze-d
040 |a STU  |b slo 
041 0 |a cze 
044 |a cs 
080 |a 681.326-181 
080 |a 681.518 
080 |a 061.3(08) 
245 |a Mikrosystém '87 :  |b Zborník 
260 |a Brno :  |b Dom techniky ČSVTS,  |c 1987 
300 |a 352 s 
996 |b I3535  |l II680  |s A  |a 24  |w stu8776_0001 
996 |b EZ-228  |c I*Z-228  |l II680  |s A  |a 24  |w stu8776_0002 
996 |b I3526  |l II680  |s A  |a 24  |w stu8776_0003